000 00240nam a2200109 a 4500
001 4136
005 20140414131923.0
008 090217s19uu xx 00 eng d
050 _aER
_bW72 1999
245 _aWinnie the pooh.
999 _c111842
_d111842